00277nam a2200109Ia 4500008004100000082001500041100001900056245004500075260002300120300000800143650001600151191201s2008 xx 000 0 und d a511.3bMAI aMartin, John C 0aIntroduction to languages and the theory aN.DelhibTMHc2008 a543 aB.Tech(CSE)